Ukraine's Economy during the Military Conflict: Assessing Damage and Needs for Recovery

Príspevok skúma vplyv ozbrojeného konfliktu na Ukrajine na národné hospodárstvo. Analýza hlavných sociálno-ekonomických dôsledkov ruskej agresie nám umožňuje určiť rozsah výziev, ktorým Ukrajina čelí. Rekordný pokles HDP, výrazný nárast nezamestnanosti a inflácie, citeľný pokles reálnych príjmov oby...

Ausführliche Beschreibung

Gespeichert in:
Bibliographische Detailangaben
1. Verfasser: Yehorova, Yuliia, 1978-
Format: Buchkapitel
Sprache:Englisch
Schlagworte:
Tags: Tag hinzufügen
Keine Tags, Fügen Sie das erste Tag hinzu!

MARC

LEADER 00000naa a2200000 4500
001 0290162
005 20240502074444.2
041 0 |a eng 
044 |a SK 
245 1 0 |a Ukraine's Economy during the Military Conflict: Assessing Damage and Needs for Recovery  |c Yuliia Yehorova 
520 |a Príspevok skúma vplyv ozbrojeného konfliktu na Ukrajine na národné hospodárstvo. Analýza hlavných sociálno-ekonomických dôsledkov ruskej agresie nám umožňuje určiť rozsah výziev, ktorým Ukrajina čelí. Rekordný pokles HDP, výrazný nárast nezamestnanosti a inflácie, citeľný pokles reálnych príjmov obyvateľstva, rastúci rozpočtový deficit a kolosálny verejný dlh – to nie je úplný zoznam ničivých dopadov vojny. Škody na ukrajinskom hospodárstve od vypuknutia nepriateľských akcií dosiahli do júna 2022 97 miliárd USD a náklady na obnovu sa odhadujú na približne 348,5 miliardy USD. Plánovanie obnovy by malo vychádzať zo skutočnosti, že ide o viacrozmerný a dlhodobý proces sociálno-ekonomickej transformácie a nie o jednoduché oživenie predchádzajúcich štruktúr a dynamiky či návrat k predvojnovým úrovniam a trendom. 
610 2 0 |a produkt domáci hrubý 
610 2 0 |a transformácia 
610 2 0 |a kríza 
610 2 0 |a Ukrajina 
100 1 |a Yehorova, Yuliia, 1978-